00351nam a2200145Ia 4500008004100000020001500041082001600056100001600072245003100088250000600119260002500125300001600150500002400166650001500190230524s9999 xx 000 0 und d a8123911696 a574.19bLAL aHarbans Lal 2aA Textbook of Biochemistry a1 aNew DelhibCBSc2008 a"XII,497p;" aQuantity Number: 1 aBiomedical